Business and Corporate Laws (Record no. 13850)
[ view plain ]
| 000 -LEADER | |
|---|---|
| fixed length control field | 00336nam a22001457a 4500 |
| 003 - CONTROL NUMBER IDENTIFIER | |
| control field | SGT |
| 020 ## - INTERNATIONAL STANDARD BOOK NUMBER | |
| International Standard Book Number | 9788174464736 |
| 082 ## - DEWEY DECIMAL CLASSIFICATION NUMBER | |
| Classification number | 340 |
| Item number | BAN |
| 100 ## - MAIN ENTRY--PERSONAL NAME | |
| Personal name | C.L. Bansal |
| 245 ## - TITLE STATEMENT | |
| Title | Business and Corporate Laws |
| 260 ## - PUBLICATION, DISTRIBUTION, ETC. (IMPRINT) | |
| Place of publication, distribution, etc | NEW DELHI |
| Name of publisher, distributor, etc | Excel Books Publisher |
| Year of Publication | 2006 |
| 300 ## - PAGE DESCRIPTION | |
| No. of Pages | 840 |
| 650 ## - SUBJECT ADDED ENTRY--TOPICAL TERM | |
| Topical term or geographic name as entry element | COMMERCE MANAGEMENT |
| 942 ## - ADDED ENTRY ELEMENTS (KOHA) | |
| Source of classification or shelving scheme | Dewey Decimal Classification |
| Koha item type | Books |
| 942 ## - ADDED ENTRY ELEMENTS (KOHA) | |
| -- | 1 |
| Withdrawn status | Lost status | Source of classification or shelving scheme | Damaged status | Not for loan | Collection code | Home library | Current library | Shelving location | Date acquired | Vendor Name | Cost, normal purchase price | SGTU | Bill Number | Total Checkouts | Full call number | Accession No. (Barcode) | Date last seen | Date last borrowed | Bill Date | Koha item type |
|---|---|---|---|---|---|---|---|---|---|---|---|---|---|---|---|---|---|---|---|---|
| Dewey Decimal Classification | COMMERCE MANAGEMENT | SGT Science & Social Sciences Library | SGT Science & Social Sciences Library | Text Book | 28/11/2017 | KIRTI PRAKASHAN | 1275.00 | SGTU | IN1265 | 13 | 340 BAN | CM3601 | 26/08/2019 | 09/08/2019 | 03/11/2017 | Books | ||||
| Dewey Decimal Classification | COMMERCE MANAGEMENT | SGT Science & Social Sciences Library | SGT Science & Social Sciences Library | Text Book | 28/11/2017 | KIRTI PRAKASHAN | 1275.00 | SGTU | IN1265 | 14 | 340 BAN | CM3602 | 15/01/2020 | 24/12/2019 | 03/11/2017 | Books | ||||
| Dewey Decimal Classification | COMMERCE MANAGEMENT | SGT Science & Social Sciences Library | SGT Science & Social Sciences Library | Text Book | 28/11/2017 | KIRTI PRAKASHAN | 1275.00 | SGTU | IN1265 | 16 | 340 BAN | CM3603 | 20/03/2025 | 20/03/2025 | 03/11/2017 | Books | ||||
| Dewey Decimal Classification | COMMERCE MANAGEMENT | SGT Science & Social Sciences Library | SGT Science & Social Sciences Library | Text Book | 28/11/2017 | KIRTI PRAKASHAN | 1275.00 | SGTU | IN1265 | 13 | 340 BAN | CM3604 | 11/12/2018 | 16/11/2018 | 03/11/2017 | Books | ||||
| Dewey Decimal Classification | COMMERCE MANAGEMENT | SGT Science & Social Sciences Library | SGT Science & Social Sciences Library | Text Book | 28/11/2017 | KIRTI PRAKASHAN | 1275.00 | SGTU | IN1265 | 18 | 340 BAN | CM3605 | 30/04/2019 | 18/04/2019 | 03/11/2017 | Books |